000 00316nam a2200109Ia 4500
008 200302s9999 xx 000 0 und d
100 _aJoanne Palmisano
245 _aTransforming Reclaimed Materials in to Design Concepts Salavage Secrets
260 _bW. W. North & Company, Inc,
260 _c2011
300 _a256 P.,
999 _c3930
_d3930